| 000 | 00713nam a2200229Ia 4500 | ||
|---|---|---|---|
| 003 | OSt | ||
| 005 | 20241009153542.0 | ||
| 008 | 210716s2010 xx 000 0 und d | ||
| 020 | _a9788184121148 | ||
| 040 | _cAIMIT LIBRARY | ||
| 041 | _aeng | ||
| 082 |
_a382.1 _22 _bUPAS |
||
| 100 |
_aUpadhyay, Saroj. _9181990 |
||
| 245 |
_aBusiness environment / _cBy Saroj Upadhyay. |
||
| 250 | _a2nd ed. | ||
| 260 |
_aNew Delhi : _c2010. _bAsian Book Private Limited , |
||
| 300 |
_axvi,446p. ; _bPB _c25 cm |
||
| 650 |
_aStrategic management and business environment _9181991 |
||
| 650 |
_aFeatures of various acts _9181992 |
||
| 650 |
_aStrategy for development in India _9181993 |
||
| 942 |
_2ddc _cBK _e2nd _k382.1 UPAS |
||
| 999 |
_c205867 _d205867 |
||